000 00919nam a2200241 a 4500
003 MX-MxUPN
005 20240413063711.0
008 991125s1906 mx r 000 0 spa d
035 _aUPN01000008468
040 _aMX-MxUPN
_bspa
_cMX-MxUPN
041 0 _aspa
050 1 4 _aF1232
_bC5.3
245 0 3 _aEl clero de México y la guerra de Independencia :
_bdocumentos del Arzobispado de México
260 _aMéxico :
_bLibrería de la Vda. de Ch. Bouret,
_c1906.
300 _a272 páginas
490 0 _aDocumentos inéditos ó muy raros para la historia de México ;
_v9
650 4 _aClero
_zMéxico
_910884
651 4 _aMéxico
_xHistoria
_yGuerra de Independencia, 1810-1821
_915381
700 0 _aP.B. Molina
_951433
_epropietario anterior
710 2 _aBiblioteca Ancona Horruytiner
_951429
_epropietario anterior
710 2 _aMuseo Pedagógico Nacional (México)
_951335
_epropietario anterior
942 _2lcc
_cLIBRO
999 _c8468
_d8468